Landen met Omgewisselde Posities op een Kaart - Statistieken

Algemene statistieken
  • Deze quiz is 2.742 keer genomen
  • De gemiddelde score is 7 van 10
Antwoorden op de kaart
Antwoorden kleurgecodeerd door een groen-rode schaal op de quizkaart volgens % correct hieronder.
 
Antwoordstatistieken
Land Omgewisseld met % Correct
IJsland Cuba
93%
Cuba IJsland
87%
Portugal Tunesië
83%
Ierland Zuid-Korea
78%
Japan Nieuw-Zeeland
76%
Nieuw-Zeeland Japan
71%
Tunesië Portugal
69%
Zuid-Korea Ierland
66%
Uruguay Cambodja
53%
Cambodja Uruguay
50%
Geen overeenkomende quizzen gevonden
Scoreverdeling
Procent van Mensen met Elke Score
Percentiel versus Aantal Correcte Antwoorden
Uw Scoregeschiedenis
U heeft deze quiz nog niet genomen